Normal view MARC view

Entry Personal Name

Number of records used in: 1

001 - CONTROL NUMBER

  • control field: 55089

003 - CONTROL NUMBER IDENTIFIER

  • control field: OSt

005 - DATE AND TIME OF LATEST TRANSACTION

  • control field: 20250714125501.0

008 - FIXED-LENGTH DATA ELEMENTS

  • fixed length control field: 250714|| aca||aabn | a|a d

040 ## - CATALOGING SOURCE

  • Original cataloging agency: OSt
  • Transcribing agency: OSt

100 ## - HEADING--PERSONAL NAME

  • Personal name: Padhmanabhan, V.

670 ## - SOURCE DATA FOUND

  • Source citation: Work cat.: (OSt): Padhmanabhan, V., The BSNL saga individual volition vs. Systemic coercion in voluntary retirement schemes

Powered by Koha